000 01567cam a2200313u 4500
001 8410
003 FISKH
005 20250910155321.0
008 860127s1969 xx 000 0 eng
010 _a 79098322
020 _a9788772478197
035 _a10460423
040 _aDLC
_cCarP
_dDLC
_beng
050 _aPZ7
082 _a398.2
100 1 _aAndersen, H. C.
_q(Hans Christian),
_d1805-1875.
245 _aThe shepherdess and the chimney sweep:
_bHans christian Andersen fairytales
_cby Hans Christian Andersen ; illustrated by Gustavo Mazali ; Translated by Jean Hersholt
260 _aNew York :
_cScandinavia,
_b2005.
300 _a24 pages :
_bcolor illustrations ;
_c 29 cm
505 _aR
520 _aA porcelain shepherdess and a china chimney sweep, standing on a table in a wealthy home, fall in love. But the old carved figure of a satyr, who calls himself their grandfather, wants to marry the shepherdess to a tall, grand porcelain figure. To escape, the two lovers climb up the chimney and out onto the roof. Frightened by the vast world outside, the shepherdess insists they return home. They manage to go back unnoticed, and though still in danger of being forced apart, they remain together on the table, choosing love and closeness over grandeur and adventure.
521 8 _a700
_bLexile estimate
521 8 _aR
_bRaz-Plus
650 _aFriendship
_vCourage
_xEscape
700 _aMazali, Gustavo
_eillustrator
906 _a0
_bcbc
_cpremunv
_du
_encip
_f19
_gy-gencatlg
942 _2ddc
_cBK
_n0
999 _c8410
_d8410